Functional analysis / (Record no. 30197)

000 -LEADER
fixed length control field 00505 a2200169 4500
020 ## - INTERNATIONAL STANDARD BOOK NUMBER
International Standard Book Number 1402016166
020 ## - INTERNATIONAL STANDARD BOOK NUMBER
International Standard Book Number 9781402016165
082 04 - DEWEY DECIMAL CLASSIFICATION NUMBER
Classification number 515.7
090 ## - LOCALLY ASSIGNED LC-TYPE CALL NUMBER (OCLC); LOCAL CALL NUMBER (RLIN)
-- 1587
-- 1587
100 1# - MAIN ENTRY--PERSONAL NAME
Personal name Suhubi, E.
245 10 - TITLE STATEMENT
Title Functional analysis /
Statement of responsibility, etc. E. Suhubi.
250 ## - EDITION STATEMENT
Edition statement 1st ed.
260 ## - PUBLICATION, DISTRIBUTION, ETC.
Place of publication, distribution, etc. [S.l.] :
Name of publisher, distributor, etc. Springer,
Date of publication, distribution, etc. 2003.
300 ## - PHYSICAL DESCRIPTION
Extent 702 p. ;
Dimensions 25 cm.
942 ## - ADDED ENTRY ELEMENTS (KOHA)
Institution code [OBSOLETE] SNS
Koha item type Book
Call number prefix 515.7 SUH
Holdings
Withdrawn status Lost status Damaged status Not for loan Permanent Location Current Location Date acquired Total Checkouts Full call number Barcode Checked out Date last seen Date last checked out Price effective from Koha item type
        School of Natural Sciences (SNS) School of Natural Sciences (SNS) 05/26/2016 1 515.7 SUH SNS0000677 05/19/2022 04/19/2022 04/19/2022 05/26/2016 Book
© 2023 Central Library, National University of Sciences and Technology. All Rights Reserved.